[Event "17. Int. Offene Wiener Schachmeisterschaft 2011 A-
[Site "Grosser Festsaal im Wiener Rathaus"]
[Date "2011.08.18"]
[Round "6"]
[Board "1"]
[White "Poetsch, Hagen"]
[Black "Kaufeld, Juergen"]
[Result "1-0"]
[WhiteElo "2403"]
[BlackElo "2260"]
[PlyCount "101"]
[EventDate "2011.08.13"]
[EventRounds "9"]
[EventCountry "AUT"]

1.e4 c5 2.Nf3 d6 3.d4 cxd4 4.Nxd4 Nf6 5.Nc3 a6 6.h3 e6 7.g4 Be7 8.Bg2 Nfd7 9.Be3
Nc6 10.Nde2 Qc7 11.Qd2 b5 12.a3 Nce5 13.b3 Ng6 14.O-O Bb7 15.f4 Nh4 16.Bh1 Rc8
17.Rad1 Bf6 18.Nb1 Be7 19.Nbc3 Bf6 20.Bf2 Ng6 21.Be1 Be7 22.f5 exf5 23.exf5 Nge5
24.Bxb7 Qxb7 25.Nd5 Bd8 26.Nec3 Qc6 27.Bg3 O-O 28.Kh2 Nb6 29.Rf2 f6 30.Bf4 Kh8
31.Be3 Re8 32.Qd4 Nxd5 33.Nxd5 a5 34.Kg3 Qb7 35.Rfd2 a4 36.Qb4 Qa6 37.Rf2 Ba5
38.Qf4 axb3 39.cxb3 Bd8 40.a4 bxa4 41.Qxa4 Qxa4 42.bxa4 Ba5 43.h4 Rc4 44.Rf4 Rb8
45.g5 Rb3 46.Rxc4 Nxc4 47.Rc1 Nb6 48.Kg4 Rxe3 49.Nxe3 Bd2 50.Rc6 Bxe3 51.a5 1-0

[Event "17. Int. Offene Wiener Schachmeisterschaft 2011 A-
[Site "Grosser Festsaal im Wiener Rathaus"]
[Date "2011.08.18"]
[Round "6"]
[Board "1"]
[White "Steiner, Adam"]
[Black "Biti, Ozren"]
[Result "0-1"]
[WhiteElo "2261"]
[BlackElo "2400"]
[PlyCount "86"]
[EventDate "2011.08.13"]
[EventRounds "9"]
[EventCountry "AUT"]

1.e4 d6 2.Nc3 Nf6 3.f4 Bg4 4.Nf3 e6 5.h3 Bxf3 6.Qxf3 d5 7.exd5 exd5 8.d4 Nc6
9.Bb5 Bb4 10.O-O a6 11.Re1+ Ne4 12.Nxd5 Bxe1 13.Qxe4+ Kf8 14.Bxc6 bxc6 15.Ne3
Qe8 16.Qf3 Bb4 17.c3 Bd6 18.Bd2 Qd7 19.f5 Be7 20.Ng4 Qd5 21.Qf2 f6 22.Ne3 Qf7
23.Qf3 Qe8 24.Re1 Qd7 25.g4 Re8 26.g5 fxg5 27.Ng4 Bf6 28.Re6 Rxe6 29.fxe6 Qxe6
30.Bxg5 Ke7 31.Bxf6+ gxf6 32.Ne3 Rg8+ 33.Kf2 Kd8 34.c4 Qd6 35.Nf5 Qh2+ 36.Ke3
Re8+ 37.Kd3 Qxb2 38.Ne3 Qa3+ 39.Ke2 Qxa2+ 40.Kf1 Qa1+ 41.Kg2 Qb2+ 42.Kg3 Qxd4
43.Ng4 h5 0-1

[Event "17. Int. Offene Wiener Schachmeisterschaft 2011 A-
[Site "Grosser Festsaal im Wiener Rathaus"]
[Date "2011.08.18"]
[Round "6"]
[Board "1"]
[White "Singer, Richard"]
[Black "Webersberger, Johann"]
[Result "0-1"]
[WhiteElo "2260"]
[BlackElo "2381"]
[PlyCount "88"]
[EventDate "2011.08.13"]
[EventRounds "9"]
[EventCountry "AUT"]

1.d4 Nf6 2.c4 g6 3.Nc3 Bg7 4.e4 O-O 5.Nf3 d6 6.Be2 e5 7.d5 a5 8.Be3 Ng4 9.Bg5 f6
10.Bc1 f5 11.Ng5 Nf6 12.exf5 gxf5 13.f4 h6 14.Nh3 Na6 15.O-O Nc5 16.Nf2 Bd7
17.Be3 b6 18.Qd2 e4 19.Kh1 Qe8 20.Nb5 Bxb5 21.cxb5 Qg6 22.Rab1 Kh8 23.Rg1 h5
24.Nh3 Bh6 25.Ng5 Bxg5 26.fxg5 Ng4 27.Bxg4 hxg4 28.h4 gxh3 29.gxh3 Rf7 30.Rbf1
Nd3 31.Qh2 Kg8 32.Bd4 Rh7 33.Bf6 Re8 34.Qg3 e3 35.Kh2 f4 36.Rxf4 Nxf4 37.Qxf4
Re4 38.Qf3 e2 39.Re1 Reh4 40.Kg2 Rxh3 41.Qg4 Rh2+ 42.Kg1 Rh1+ 43.Kf2 R7h2+
44.Ke3 Qe8+ 0-1

[Event "17. Int. Offene Wiener Schachmeisterschaft 2011 A-
[Site "Grosser Festsaal im Wiener Rathaus"]
[Date "2011.08.18"]
[Round "6"]
[Board "1"]
[White "Ootes, Lars"]
[Black "Krebs, Johann"]
[Result "0-1"]
[WhiteElo "2376"]
[BlackElo "2256"]
[PlyCount "100"]
[EventDate "2011.08.13"]
[EventRounds "9"]
[EventCountry "AUT"]

1.e4 c5 2.Nf3 Nc6 3.d4 cxd4 4.Nxd4 e5 5.Nb5 d6 6.N1c3 a6 7.Na3 b5 8.Nd5 Nf6 9.c4
b4 10.Nxf6+ Qxf6 11.Nc2 Qg6 12.Ne3 Be7 13.Bd3 Be6 14.O-O O-O 15.Nf5 Bg5 16.Be3
Rfd8 17.Qd2 h6 18.h4 Bxe3 19.fxe3 Bxf5 20.exf5 Qg4 21.Qe1 Rac8 22.Rc1 a5 23.b3
a4 24.Rd1 axb3 25.axb3 Na5 26.Qxb4 Ra8 27.Qe1 Ra7 28.Ra1 Nc6 29.Rxa7 Nxa7 30.Bc2
Nc8 31.Kh2 Nb6 32.Qf2 Nd7 33.g3 Nf6 34.Kg2 d5 35.cxd5 Rxd5 36.Re1 h5 37.Qe2 Qb4
38.Rd1 Ra5 39.Qc4 Qb7+ 40.Kg1 Qf3 41.Qf1 Qxe3+ 42.Qf2 Qc3 43.Qe1 Qc7 44.Bd3 Ra2
45.Bc4 Qa7+ 46.Kf1 Qa8 47.Rd2 Qh1+ 48.Ke2 Qg2+ 49.Kd1 Qf3+ 50.Qe2 Qh1+ 0-1

[Event "17. Int. Offene Wiener Schachmeisterschaft 2011 A-
[Site "Grosser Festsaal im Wiener Rathaus"]
[Date "2011.08.18"]
[Round "6"]
[Board "1"]
[White "Scharrer, Patrick"]
[Black "Kummer, Helmut"]
[Result "1/2-1/2"]
[WhiteElo "2233"]
[BlackElo "2362"]
[PlyCount "46"]
[EventDate "2011.08.13"]
[EventRounds "9"]
[EventCountry "AUT"]

1.e4 e5 2.Nf3 Nc6 3.Bc4 Nf6 4.Ng5 d5 5.exd5 Na5 6.Bb5+ c6 7.dxc6 bxc6 8.Bd3 Bd6
9.O-O O-O 10.Nc3 Rb8 11.b3 Re8 12.Re1 Bc7 13.h3 h6 14.Nf3 Nd5 15.Bb2 f5 16.Nxd5
Qxd5 17.Bc4 Nxc4 18.bxc4 Qc5 19.Bd4 Qa5 20.Bc3 Qc5 21.Bd4 Qa5 22.Bc3 Qc5 23.Bd4
Qa5 1/2-1/2

[Event "17. Int. Offene Wiener Schachmeisterschaft 2011 A-
[Site "Grosser Festsaal im Wiener Rathaus"]
[Date "2011.08.18"]
[Round "6"]
[Board "1"]
[White "Weinzettl, Ernst"]
[Black "Ortiz, Nadya"]
[Result "0-1"]
[WhiteElo "2335"]
[BlackElo "2242"]
[PlyCount "104"]
[EventDate "2011.08.13"]
[EventRounds "9"]
[EventCountry "AUT"]

1.e4 c5 2.Nf3 e6 3.d4 cxd4 4.Nxd4 a6 5.Nc3 b5 6.Bd3 Qb6 7.Be3 Bc5 8.Be2 Nc6
9.Nxc6 dxc6 10.Bxc5 Qxc5 11.Qd3 Ne7 12.O-O-O O-O 13.f4 a5 14.e5 Nd5 15.Ne4 Qe3+
16.Qxe3 Nxe3 17.Rdg1 f6 18.exf6 gxf6 19.Re1 Nd5 20.Rhf1 Ra7 21.Nc5 Re7 22.Bd3
Nb4 23.a3 Nxd3+ 24.Nxd3 Rd8 25.b4 axb4 26.axb4 Rd4 27.Rf3 Bd7 28.c3 Rd6 29.Nc5
Kf7 30.Rh3 Kg7 31.Rhe3 Kf7 32.g4 Bc8 33.h3 Rd5 34.R3e2 e5 35.f5 Ra7 36.Kb2 Ke7
37.Rf1 h6 38.Kb3 Bd7 39.Ra2 Rxa2 40.Kxa2 Rd2+ 41.Kb3 Be8 42.c4 Bf7 43.Kc3 Bxc4
44.Re1 Rh2 45.Ra1 Rxh3+ 46.Kd2 Rh2+ 47.Ke3 Ra2 48.Rb1 Bd5 49.Kd3 Bf3 50.Rg1 Ra3+
51.Kc2 Kd6 52.Kb2 Re3 0-1

[Event "17. Int. Offene Wiener Schachmeisterschaft 2011 A-
[Site "Grosser Festsaal im Wiener Rathaus"]
[Date "2011.08.18"]
[Round "6"]
[Board "1"]
[White "Buljubasic, Sabahudin"]
[Black "Muehlenhaus, Sven"]
[Result "1-0"]
[WhiteElo "2333"]
[BlackElo "2181"]
[PlyCount "71"]
[EventDate "2011.08.13"]
[EventRounds "9"]
[EventCountry "AUT"]

1.e4 e5 2.Bc4 Nf6 3.d3 Nc6 4.Nf3 Bc5 5.O-O d6 6.c3 Bb6 7.Nbd2 O-O 8.Bb3 Qe7
9.Nc4 Be6 10.Re1 Rfe8 11.h3 h6 12.a4 Kh7 13.Ba2 Nd7 14.b4 a5 15.b5 Nd8 16.d4
Bxc4 17.Bxc4 Ne6 18.Be3 Qf6 19.g3 Re7 20.Bd5 Rb8 21.h4 Qg6 22.Bc4 Kh8 23.Bf1 Qf6
24.Bh3 Ree8 25.Ra2 Ndf8 26.Nh2 exd4 27.Ng4 Qg6 28.cxd4 Qxe4 29.d5 Nc5 30.Nxh6
Qg6 31.Bf5 Qf6 32.Bg5 Qc3 33.Rxe8 Rxe8 34.Qh5 gxh6 35.Qxh6+ Kg8 36.Bf6 1-0

[Event "17. Int. Offene Wiener Schachmeisterschaft 2011 A-
[Site "Grosser Festsaal im Wiener Rathaus"]
[Date "2011.08.18"]
[Round "6"]
[Board "1"]
[White "Froewis, Georg"]
[Black "Lacrosse, Marc"]
[Result "1/2-1/2"]
[WhiteElo "2329"]
[BlackElo "2185"]
[PlyCount "99"]
[EventDate "2011.08.13"]
[EventRounds "9"]
[EventCountry "AUT"]

1.Nf3 d5 2.c4 e6 3.e3 Nf6 4.b3 Be7 5.Bb2 O-O 6.Nc3 c5 7.cxd5 exd5 8.d4 Nc6 9.Be2
Be6 10.O-O Rc8 11.dxc5 Bxc5 12.Rc1 Be7 13.Nd4 Qa5 14.Nxe6 fxe6 15.Bg4 Nxg4
16.Qxg4 Rf6 17.Qa4 Qxa4 18.Nxa4 Rff8 19.Rfd1 b6 20.Nc3 Rfd8 21.Ne2 Kf7 22.Kf1
Bf6 23.Bxf6 gxf6 24.Nc3 Ke7 25.Ke2 d4 26.Nb5 dxe3 27.Rxd8 Kxd8 28.Kxe3 a6 29.Nd6
Rc7 30.Ne4 Ke7 31.g4 Rc8 32.g5 fxg5 33.Nxg5 h6 34.Ne4 e5 35.Rg1 Nb4 36.Rg7+ Kf8
37.Rd7 Rc6 38.Kf3 Nxa2 39.Kg4 Nc3 40.Nd6 Ne2 41.Kf5 Rc3 42.Kxe5 Rf3 43.Ne4 Ke8
44.Rd6 Rxb3 45.Rd2 Nc1 46.Ke6 Nd3 47.f3 Nc5+ 48.Nxc5 bxc5 49.f4 Rb6+ 50.Kd5 1/2-1/2

[Event "17. Int. Offene Wiener Schachmeisterschaft 2011 A-
[Site "Grosser Festsaal im Wiener Rathaus"]
[Date "2011.08.18"]
[Round "6"]
[Board "1"]
[White "Wallner, Joachim"]
[Black "Termeulen, Albert"]
[Result "1-0"]
[WhiteElo "2328"]
[BlackElo "2190"]
[PlyCount "37"]
[EventDate "2011.08.13"]
[EventRounds "9"]
[EventCountry "AUT"]

1.e4 d6 2.d4 Nf6 3.Nc3 g6 4.f3 c6 5.Bc4 b5 6.Bd3 Qc7 7.Be3 a6 8.g4 h5 9.g5 Nfd7
10.f4 Bg7 11.Nf3 b4 12.Ne2 c5 13.c3 bxc3 14.bxc3 O-O 15.f5 Nc6 16.O-O cxd4
17.cxd4 Nb4 18.fxg6 fxg6 19.Qb3+ 1-0

[Event "17. Int. Offene Wiener Schachmeisterschaft 2011 A-
[Site "Grosser Festsaal im Wiener Rathaus"]
[Date "2011.08.18"]
[Round "6"]
[Board "1"]
[White "Certek, Pavel"]
[Black "Jeitz, Christian"]
[Result "1-0"]
[WhiteElo "2314"]
[BlackElo "2165"]
[PlyCount "215"]
[EventDate "2011.08.13"]
[EventRounds "9"]
[EventCountry "AUT"]

1.d4 Nf6 2.c4 g6 3.g3 Bg7 4.Bg2 d5 5.cxd5 Nxd5 6.Nf3 Nb6 7.Nc3 Nc6 8.e3 e5 9.d5
Ne7 10.e4 Bg4 11.h3 Bxf3 12.Qxf3 c6 13.O-O cxd5 14.exd5 Nf5 15.Rd1 Nd6 16.Ne4
O-O 17.Bd2 Nbc8 18.Bb4 Re8 19.Rac1 Nxe4 20.Qxe4 Nd6 21.Bxd6 Qxd6 22.Qa4 a6
23.Rc2 e4 24.Qc4 f5 25.Qc7 Qxc7 26.Rxc7 Rab8 27.d6 Red8 28.d7 Be5 29.Rc5 Bxb2
30.g4 b6 31.Rcd5 Rb7 32.gxf5 gxf5 33.a4 Kg7 34.Bf1 Ra7 35.Rb1 Bf6 36.Rxb6 Raxd7
37.Rxf5 Rd6 38.Rxa6 Rxa6 39.Bxa6 Rd1+ 40.Bf1 Ra1 41.a5 Bd4 42.Rd5 e3 43.Kg2 Ra4
44.fxe3 Bxe3 45.a6 Rf4 46.Bb5 Rf7 47.Bd7 Ba7 48.Bf5 Re7 49.Kf3 Kf6 50.Bg4 Bg1
51.Rf5+ Kg6 52.Kg3 Ba7 53.Rb5 Kf6 54.Bc8 Bg1 55.Kf3 Ba7 56.Kf4 Be3+ 57.Kf3 Ba7
58.h4 Bd4 59.Rd5 Ba7 60.Rf5+ Kg6 61.Rb5 Kf6 62.Kf4 Be3+ 63.Kg4 Ba7 64.Kf3 Bd4
65.Rd5 Ba7 66.Rd6+ Kg7 67.Be6 Kf6 68.Bc4+ Kg7 69.h5 Be3 70.Bd5 Ba7 71.h6+ Kf8
72.Be6 Rc7 73.Bf5 Ke7 74.Rd2 Kf6 75.Be4 Kg5 76.Rd6 Re7 77.Rc6 Bd4 78.Rd6 Ba7
79.Bb1 Re3+ 80.Kg2 Re2+ 81.Kf1 Re7 82.Bd3 Kh5 83.Be2+ Kg5 84.Ke1 Rc7 85.Bd3 Kh5
86.Kd2 Kg5 87.Bb1 Kh5 88.Kd3 Kg5 89.Ke4 Rc4+ 90.Kd3 Rc7 91.Ba2 Bf2 92.Bg8 Bc5
93.Re6 Ba7 94.Ke4 Bf2 95.Kd5 Bg3 96.Re2 Kxh6 97.Ra2 Rd7+ 98.Kc6 Rg7 99.a7 Rxg8
100.a8=Q Rxa8 101.Rxa8 Kh5 102.Kd5 h6 103.Ke4 Bh4 104.Kf5 Bg5 105.Ra4 Bh4
106.Ra1 Bf2 107.Rh1+ Bh4 108.Ke4 1-0

[Event "17. Int. Offene Wiener Schachmeisterschaft 2011 A-
[Site "Grosser Festsaal im Wiener Rathaus"]
[Date "2011.08.18"]
[Round "6"]
[Board "1"]
[White "Kizilkaya, Mehmet"]
[Black "Platzgummer, Fabian"]
[Result "1/2-1/2"]
[WhiteElo "2192"]
[BlackElo "2311"]
[PlyCount "115"]
[EventDate "2011.08.13"]
[EventRounds "9"]
[EventCountry "AUT"]

1.e4 c5 2.c3 d5 3.exd5 Qxd5 4.d4 Nf6 5.Nf3 e6 6.Na3 Qd8 7.Nc2 Nc6 8.Bd3 cxd4
9.Ncxd4 Nxd4 10.Nxd4 Be7 11.Qe2 O-O 12.O-O a6 13.Re1 Qc7 14.Bg5 Bd7 15.Rad1 Rfe8
16.Nf3 Red8 17.Ne5 Be8 18.Bf4 Qc5 19.Bg3 Nd5 20.Bb1 b5 21.h4 Nf6 22.h5 h6 23.Bh4
Rxd1 24.Rxd1 Rd8 25.Rxd8 Bxd8 26.Ng4 Qd5 27.Nxf6+ Bxf6 28.Bxf6 gxf6 29.Qg4+ Kf8
30.Qb4+ Kg7 31.Qg4+ Qg5 32.Qxg5+ fxg5 33.g4 Bc6 34.Kh2 Kf6 35.Kg3 Ke5 36.f3 Bd5
37.a3 a5 38.Bd3 Bc4 39.Be4 f6 40.Bc6 f5 41.a4 bxa4 42.Bxa4 Bd3 43.gxf5 exf5
44.f4+ gxf4+ 45.Kf2 Bc4 46.b4 axb4 47.cxb4 Bd5 48.Be8 Bb3 49.b5 Bd1 50.Ke1 Bg4
51.Kf2 Kd6 52.Ke1 Ke7 53.Bg6 Kd7 54.Kf2 Ke7 55.Ke1 Kd6 56.Kf2 Kc5 57.Be8 Bxh5
58.Bxh5 1/2-1/2

[Event "17. Int. Offene Wiener Schachmeisterschaft 2011 A-
[Site "Grosser Festsaal im Wiener Rathaus"]
[Date "2011.08.18"]
[Round "6"]
[Board "1"]
[White "Van Ketel, Raoul"]
[Black "Fiderer, Lukas"]
[Result "0-1"]
[WhiteElo "2311"]
[BlackElo "2183"]
[PlyCount "68"]
[EventDate "2011.08.13"]
[EventRounds "9"]
[EventCountry "AUT"]

1.d4 Nf6 2.c4 g6 3.Nc3 Bg7 4.e4 d6 5.f4 c5 6.d5 O-O 7.Nf3 e6 8.Be2 exd5 9.cxd5
Nbd7 10.O-O Re8 11.Nd2 a6 12.a4 Qe7 13.Qe1 Rb8 14.g4 Nb6 15.Qg3 Nfxd5 16.exd5
Bxc3 17.bxc3 Qxe2 18.Nf3 Bd7 19.f5 Nxd5 20.Ng5 Bc6 21.Nxf7 Kxf7 22.fxg6+ Kg8
23.gxh7+ Kh8 24.Bg5 Qe5 25.Qh4 Qxc3 26.Rad1 Rf8 27.Rf2 Ne3 28.Rxf8+ Rxf8 29.Re1
Qb2 30.Qg3 Rf3 31.Rxe3 Rxg3+ 32.Rxg3 Kxh7 33.Be3 Qb1+ 34.Kf2 Qh1 0-1

[Event "17. Int. Offene Wiener Schachmeisterschaft 2011 A-
[Site "Grosser Festsaal im Wiener Rathaus"]
[Date "2011.08.18"]
[Round "6"]
[Board "1"]
[White "Lechner, Daniel"]
[Black "Vitouch, Anatol"]
[Result "1/2-1/2"]
[WhiteElo "2198"]
[BlackElo "2306"]
[PlyCount "156"]
[EventDate "2011.08.13"]
[EventRounds "9"]
[EventCountry "AUT"]

1.d4 Nc6 2.d5 Ne5 3.e4 e6 4.f4 Ng6 5.dxe6 dxe6 6.Qxd8+ Kxd8 7.Nf3 Bc5 8.Bd3 Nf6
9.Nc3 Ng4 10.g3 Bd7 11.h3 Nf2 12.Rh2 Nxd3+ 13.cxd3 Bb6 14.Rc2 Re8 15.b3 e5 16.f5
Nf8 17.Bb2 Bc6 18.b4 a6 19.a4 f6 20.Ke2 Ke7 21.Nd2 Kf7 22.Nc4 Bd4 23.Na5 Bd7
24.Nd5 Bxb2 25.Rxb2 b6 26.Nb3 Rec8 27.Rc2 Ra7 28.a5 bxa5 29.Nxa5 Ke8 30.Nc6 Bxc6
31.Rxc6 Kd8 32.Raxa6 Rxa6 33.Rxa6 Nd7 34.Rc6 Nb8 35.Rc4 Kd7 36.Ke3 Kd6 37.b5 c6
38.bxc6 Nxc6 39.Nb4 Ne7 40.Rxc8 Nxc8 41.d4 exd4+ 42.Kxd4 Ne7 43.Nd3 Nc6+ 44.Ke3
Na5 45.g4 Nc4+ 46.Kd4 Nd2 47.e5+ fxe5+ 48.Nxe5 h6 49.Ng6 Nf3+ 50.Ke3 Ng5 51.h4
Nf7 52.Ke4 Nd8 53.Nf4 Ke7 54.Kd5 Kf6 55.Ke4 Nc6 56.Nd5+ Kf7 57.g5 hxg5 58.hxg5
Kf8 59.Nf4 Kf7 60.g6+ Kf8 61.Kd5 Nb4+ 62.Kd6 Nc2 63.Ne6+ Kg8 64.Ke7 Ne3 65.Nd4
Nd5+ 66.Ke6 Ne3 67.Nc6 Ng4 68.Ne7+ Kf8 69.Nd5 Nh6 70.Nf4 Ng4 71.Nh5 Nh6 72.f6
gxf6 73.g7+ Kg8 74.Kxf6 Ng4+ 75.Kg6 Ne5+ 76.Kf5 Nf3 77.Kf6 Kh7 78.Kf7 Ne5+ 1/2-1/2

[Event "17. Int. Offene Wiener Schachmeisterschaft 2011 A-
[Site "Grosser Festsaal im Wiener Rathaus"]
[Date "2011.08.19"]
[Round "7"]
[Board "1"]
[White "Shengelia, David"]
[Black "Krivoborodov, Egor"]
[Result "1/2-1/2"]
[WhiteElo "2513"]
[BlackElo "2507"]
[PlyCount "123"]
[EventDate "2011.08.13"]
[EventRounds "9"]
[EventCountry "AUT"]

1.d4 d5 2.c4 c6 3.Nf3 Nf6 4.e3 a6 5.Bd3 Bg4 6.Nbd2 Nbd7 7.Qc2 e6 8.b3 Bd6 9.Bb2
Qb8 10.h3 Bh5 11.Nh4 Bg3 12.Ndf3 Bxf3 13.Nxf3 Bd6 14.O-O O-O 15.e4 dxe4 16.Bxe4
Re8 17.Ng5 Nxe4 18.Nxe4 Be7 19.Rad1 Qf4 20.Rfe1 Nf6 21.Nc5 Qc7 22.Nd3 Nd7 23.f4
Bf6 24.Ne5 Rad8 25.Kh1 c5 26.dxc5 Nxc5 27.b4 Nd7 28.c5 Nxe5 29.fxe5 Rxd1 30.Rxd1
Bxe5 31.Qa4 Rf8 32.Rd7 Qb8 33.Bxe5 Qxe5 34.Qd1 Qe4 35.a3 g6 36.Qf3 Qe1+ 37.Kh2
Qe5+ 38.Qg3 Qe4 39.Qc7 h5 40.Qxb7 Qe5+ 41.Kg1 Qa1+ 42.Kh2 Qe5+ 43.g3 Qb2+ 44.Qg2
Qxa3 45.Qd2 a5 46.c6 axb4 47.c7 Qa5 48.Qd6 Qa2+ 49.Kg1 Qa1+ 50.Kf2 Qa2+ 51.Ke3
Qa3+ 52.Ke4 Qc3 53.h4 b3 54.Rd8 Qc4+ 55.Ke3 Qc3+ 56.Kf4 Qc1+ 57.Kf3 Qc3+ 58.Kg2
Qc2+ 59.Kh3 Qf5+ 60.Kg2 Qc2+ 61.Kf3 Qc3+ 62.Ke4 1/2-1/2

[Event "17. Int. Offene Wiener Schachmeisterschaft 2011 A-
[Site "Grosser Festsaal im Wiener Rathaus"]
[Date "2011.08.19"]
[Round "7"]
[Board "1"]
[White "Buhmann, Rainer"]
[Black "Khenkin, Igor"]
[Result "1-0"]
[WhiteElo "2582"]
[BlackElo "2620"]
[PlyCount "43"]
[EventDate "2011.08.13"]
[EventRounds "9"]
[EventCountry "AUT"]

1.Nf3 d5 2.d4 Nf6 3.c4 e6 4.g3 dxc4 5.Bg2 a6 6.O-O Nc6 7.Bg5 Rb8 8.Nbd2 Nxd4
9.Nxc4 Nxf3+ 10.Bxf3 Qxd1 11.Rfxd1 Nd5 12.e4 f6 13.exd5 fxg5 14.Rac1 exd5
15.Rxd5 Bb4 16.Re5+ Kf7 17.a3 Be7 18.Bd5+ Kf6 19.Rce1 Re8 20.Re6+ Bxe6 21.Rxe6+
Kf7 22.Ne5+ 1-0

[Event "17. Int. Offene Wiener Schachmeisterschaft 2011 A-
[Site "Grosser Festsaal im Wiener Rathaus"]
[Date "2011.08.19"]
[Round "7"]
[Board "1"]
[White "Polak, Tomas"]
[Black "Barle, Janez"]
[Result "1-0"]
[WhiteElo "2540"]
[BlackElo "2410"]
[PlyCount "63"]
[EventDate "2011.08.13"]
[EventRounds "9"]
[EventCountry "AUT"]

1.d4 d5 2.c4 e6 3.Nc3 c5 4.cxd5 exd5 5.Nf3 Nc6 6.g3 Nf6 7.Bg2 Be7 8.O-O O-O
9.Bg5 cxd4 10.Nxd4 h6 11.Be3 Kh8 12.Rc1 Be6 13.Qa4 Qd7 14.Rfd1 Rfc8 15.Nxe6 fxe6
16.Bh3 Rd8 17.f4 Bb4 18.Bd4 Nxd4 19.Qxb4 Nc6 20.Qc5 Qf7 21.Bg2 a6 22.Na4 Qg6
23.Qb6 Qh5 24.Bf3 Ng4 25.Bxg4 Qxg4 26.Qxb7 Na5 27.Qb6 Qxe2 28.Nc3 Qf3 29.Rf1 Qd3
30.Rcd1 Qg6 31.Qxa5 d4 32.Rd2 1-0

[Event "17. Int. Offene Wiener Schachmeisterschaft 2011 A-
[Site "Grosser Festsaal im Wiener Rathaus"]
[Date "2011.08.19"]
[Round "7"]
[Board "1"]
[White "Georgiadis, Nico"]
[Black "Ulibin, Mikhail"]
[Result "0-1"]
[WhiteElo "2328"]
[BlackElo "2538"]
[PlyCount "120"]
[EventDate "2011.08.13"]
[EventRounds "9"]
[EventCountry "AUT"]

1.e4 e6 2.d4 d5 3.Nc3 Nf6 4.Bg5 Be7 5.e5 Nfd7 6.h4 h6 7.Be3 c5 8.Qg4 g6 9.Nf3
cxd4 10.Bxd4 Nc6 11.O-O-O a6 12.Bd3 Nxd4 13.Qxd4 Nc5 14.Ne2 b5 15.Kb1 Bb7 16.Qg4
Qc7 17.Nf4 O-O-O 18.Be2 Ne4 19.Nd3 Kb8 20.c3 Qb6 21.Qf4 Rh7 22.Nfe1 g5 23.Qc1
gxh4 24.Qc2 Rg7 25.Bf3 a5 26.Qe2 b4 27.c4 b3 28.cxd5 exd5 29.axb3 Qxb3 30.Qc2
Qb6 31.Ka1 Rc8 32.Qa4 Rgg8 33.Bxe4 dxe4 34.Nc1 Rgd8 35.Nc2 Qc5 36.Kb1 Qxe5
37.Rxd8 Bxd8 38.Rh3 Ka7 39.Rb3 Bb6 40.Na3 Ba6 41.Nb5+ Ka8 42.Ne2 f5 43.Nec3 Qc5
44.Ka2 Bb7 45.Na3 Bc6 46.Qc4 Qxc4 47.Nxc4 Bxf2 48.Nxa5 Be8 49.Kb1 Rd8 50.Rb7 Bd4
51.Re7 Bxc3 52.bxc3 f4 53.Re6 e3 54.Kc1 Ba4 55.Re4 Rd1+ 56.Kb2 Bb5 57.c4 Bd7
58.c5 h3 59.gxh3 f3 60.c6 f2 0-1

[Event "17. Int. Offene Wiener Schachmeisterschaft 2011 A-
[Site "Grosser Festsaal im Wiener Rathaus"]
[Date "2011.08.19"]
[Round "7"]
[Board "1"]
[White "Petrov, Marijan"]
[Black "Schachinger, Mario"]
[Result "1-0"]
[WhiteElo "2534"]
[BlackElo "2360"]
[PlyCount "111"]
[EventDate "2011.08.13"]
[EventRounds "9"]
[EventCountry "AUT"]

1.e4 c6 2.d4 d5 3.e5 Bf5 4.c4 e6 5.Nc3 Ne7 6.h3 dxc4 7.Bxc4 Nd7 8.Nge2 Nb6 9.Bb3
Ned5 10.O-O Be7 11.Ng3 Bg6 12.Nce4 O-O 13.Qg4 Qc8 14.Nh5 f5 15.exf6 gxf6 16.Qe2
Qe8 17.Nhg3 Kh8 18.Bh6 Rg8 19.Nc5 Bxc5 20.dxc5 Nd7 21.Rac1 Qe7 22.Be3 Nxe3
23.Qxe3 Rge8 24.Rfd1 Nf8 25.Rd6 Qg7 26.h4 h6 27.Re1 Bf7 28.Bc2 Bg6 29.Bd1 Re7
30.b4 a6 31.a4 f5 32.Ne2 Rae8 33.Nf4 Kh7 34.Bc2 Qf6 35.g3 Qg7 36.Bb1 Kh8 37.Kh2
Bf7 38.Nd3 Ng6 39.h5 Nf8 40.Kg2 Qg5 41.f4 Qg7 42.Qf3 Nh7 43.Ne5 Nf6 44.Nxf7+
Qxf7 45.Qc3 Qg7 46.Bxf5 Nxh5 47.Qxg7+ Rxg7 48.Kf2 Nxg3 49.Rexe6 Nh1+ 50.Ke3 Rg3+
51.Kd4 Rxe6 52.Bxe6 Nf2 53.Bc8 Rd3+ 54.Kc4 Rf3 55.Bxb7 Rxf4+ 56.Rd4 1-0

[Event "17. Int. Offene Wiener Schachmeisterschaft 2011 A-
[Site "Grosser Festsaal im Wiener Rathaus"]
[Date "2011.08.19"]
[Round "7"]
[Board "1"]
[White "Zeller, Frank"]
[Black "Stanec, Nikolaus"]
[Result "1/2-1/2"]
[WhiteElo "2395"]
[BlackElo "2536"]
[PlyCount "20"]
[EventDate "2011.08.13"]
[EventRounds "9"]
[EventCountry "AUT"]

1.e4 c6 2.d4 g6 3.c4 Bg7 4.Nc3 d6 5.Be3 Nf6 6.h3 Nbd7 7.Nf3 e5 8.d5 cxd5 9.cxd5
a6 10.Nd2 O-O 1/2-1/2

[Event "17. Int. Offene Wiener Schachmeisterschaft 2011 A-
[Site "Grosser Festsaal im Wiener Rathaus"]
[Date "2011.08.19"]
[Round "7"]
[Board "1"]
[White "Riff, Jean-Noel"]
[Black "Lekic, Dusan"]
[Result "1/2-1/2"]
[WhiteElo "2493"]
[BlackElo "2378"]
[PlyCount "54"]
[EventDate "2011.08.13"]
[EventRounds "9"]
[EventCountry "AUT"]

1.e4 e5 2.Nf3 Nc6 3.Bb5 a6 4.Ba4 Nf6 5.O-O Be7 6.Qe2 b5 7.Bb3 O-O 8.c3 d5 9.d3
Bb7 10.Rd1 Re8 11.Nbd2 h6 12.Nf1 Bf8 13.a3 Nb8 14.Ng3 Nbd7 15.h3 c5 16.Bc2 c4
17.dxc4 dxc4 18.Nh2 Qb6 19.Be3 Bc5 20.Nhf1 Rad8 21.Nf5 Bxe3 22.N1xe3 Nc5 23.Ng4
Nxg4 24.Qxg4 Qf6 25.a4 Kh7 26.axb5 axb5 27.Ne3 Qf4 1/2-1/2

[Event "17. Int. Offene Wiener Schachmeisterschaft 2011 A-
[Site "Grosser Festsaal im Wiener Rathaus"]
[Date "2011.08.19"]
[Round "7"]
[Board "1"]
[White "Fauland, Alexander"]
[Black "Larsen, Karsten"]
[Result "1-0"]
[WhiteElo "2477"]
[BlackElo "2323"]
[PlyCount "100"]
[EventDate "2011.08.13"]
[EventRounds "9"]
[EventCountry "AUT"]

1.c4 g6 2.d4 Bg7 3.Nc3 d6 4.e4 Nf6 5.Nge2 O-O 6.Bg5 c6 7.f3 Nbd7 8.Qd2 e5 9.d5
Nb6 10.Ng3 cxd5 11.cxd5 Bd7 12.Rc1 Qe7 13.b3 Rfc8 14.Bd3 Qf8 15.O-O h5 16.a4 Be8
17.a5 Nbd7 18.b4 Kh7 19.Rc2 Nb8 20.Rfc1 Bd7 21.Nge2 Qe8 22.Be3 Ng8 23.b5 Bh6
24.Bxh6 Nxh6 25.a6 b6 26.h3 Ng8 27.g4 hxg4 28.hxg4 Nf6 29.Ng3 Kg7 30.Qg5 Nh7
31.Qe3 Qe7 32.Rh2 Ng5 33.Kf2 Rh8 34.Rxh8 Kxh8 35.Rh1+ Kg7 36.Na2 f6 37.Qc1 Qd8
38.Nb4 Be8 39.Nc6 Nxc6 40.bxc6 Rc8 41.Ne2 Qe7 42.Kg2 Bf7 43.Nc3 Be8 44.Nb5 Ra8
45.Qe1 Qf8 46.Qb4 Rd8 47.Nxa7 f5 48.gxf5 gxf5 49.c7 fxe4 50.Bxe4 Qe7 1-0

[Event "17. Int. Offene Wiener Schachmeisterschaft 2011 A-
[Site "Grosser Festsaal im Wiener Rathaus"]
[Date "2011.08.19"]
[Round "7"]
[Board "1"]
[White "Rombaldoni, Denis"]
[Black "De Groote, Ewoud"]
[Result "1-0"]
[WhiteElo "2495"]
[BlackElo "2263"]
[PlyCount "73"]
[EventDate "2011.08.13"]
[EventRounds "9"]
[EventCountry "AUT"]

1.d4 Nf6 2.c4 e6 3.Nc3 Bb4 4.Nf3 d5 5.Qa4+ Nc6 6.Bg5 h6 7.Bxf6 Qxf6 8.e3 O-O
9.cxd5 exd5 10.Be2 Rd8 11.a3 Bf8 12.b4 Ne7 13.Qb3 a6 14.Rc1 Bg4 15.Na4 c6 16.Nc5
Ra7 17.Ne5 Bxe2 18.Kxe2 Ng6 19.f4 Nxe5 20.fxe5 Qg6 21.g3 b5 22.Qc2 Qh5+ 23.Kf2
a5 24.Nd3 axb4 25.axb4 Rda8 26.Nf4 Qg5 27.Qxc6 Ra2+ 28.Kf3 h5 29.h3 R8a3 30.Rhf1
Bxb4 31.Qxd5 Bd2 32.Rc8+ Kh7 33.Qe4+ g6 34.Nd3 Bxe3 35.h4 Qe7 36.Kxe3 Rb3 37.Qd5
1-0

[Event "17. Int. Offene Wiener Schachmeisterschaft 2011 A-
[Site "Grosser Festsaal im Wiener Rathaus"]
[Date "2011.08.19"]
[Round "7"]
[Board "1"]
[White "Stromboli, Carlo"]
[Black "Gozzoli, Yannick"]
[Result "1/2-1/2"]
[WhiteElo "2304"]
[BlackElo "2532"]
[PlyCount "48"]
[EventDate "2011.08.13"]
[EventRounds "9"]
[EventCountry "AUT"]

1.e4 e5 2.Nf3 Nc6 3.d4 exd4 4.Bc4 Nf6 5.O-O Nxe4 6.Re1 d5 7.Bxd5 Qxd5 8.Nc3 Qa5
9.Nxe4 Be6 10.Neg5 O-O-O 11.Nxe6 fxe6 12.Rxe6 h6 13.Qe2 g5 14.h3 Bg7 15.Bd2 Qf5
16.Qe4 Rhf8 17.Re1 Qxe4 18.R1xe4 Rf5 19.h4 Bf6 20.hxg5 Bxg5 21.Nxg5 hxg5 22.Rg6
Rdf8 23.f3 Rb5 24.b4 a5 1/2-1/2